[Event "1. liga V 24/25, Grygov-Poruba"]
[Site ""]
[Date "2025.03.23"]
[Round "10.2"]
[White "Rasik, Vitezslav"]
[Black "Biolek, Richard"]
[Result "1/2-1/2"]
[WhiteFideId "300306"]
[BlackFideId "300756"]
[WhiteElo "2421"]
[BlackElo "2336"]
[PlyCount "0"]
[WhiteTeam "SK Slavoj Poruba B"]
[BlackTeam "A64 PROCLIENT Grygov"]
[EventDate "2024.10.20"]

1. e4 e6 2. d4 d5 3. Nd2 a6 4. Ngf3 c5 5. exd5 exd5 6. dxc5 Bxc5
7. Bd3 Nf6 8. O-O O-O 9. Nb3 Bb6 10. h3 Nc6 11. c3 Ne4 12. Nbd4 Nxd4 13. cxd4
1/2-1/2

[Event "1. liga V 24/25, Grygov-Poruba"]
[Site ""]
[Date "2025.03.23"]
[Round "10.3"]
[White "Sluka, Radek"]
[Black "Barski, Radoslaw"]
[Result "1-0"]
[WhiteFideId "305456"]
[BlackFideId "1131710"]
[WhiteElo "2311"]
[BlackElo "2388"]
[PlyCount "0"]
[WhiteTeam "A64 PROCLIENT Grygov"]
[BlackTeam "SK Slavoj Poruba B"]
[EventDate "2024.10.20"]

1. e4 c5 2. Nf3 Nc6 3. d4 cxd4 4. Nxd4 e5 5.
Nb5 d6 6. N1c3 a6 7. Na3 Be6 8. Nc4 Rb8 9. Ne3 Nf6 10. Bd3 g6 11. O-O Bg7 12.
Ncd5 Bxd5 13. Nxd5 Nxd5 14. exd5 Ne7 15. Be2 O-O 16. a4 e4 17. a5 h6 18. Ra3
g5 19. Kh1 Ng6 20. b4 Ne5 21. f4 exf3 22. gxf3 Rc8 23. f4 gxf4 24. Rxf4 f5 25.
Rg3 Kh7 26. c4 Qd7 27. Rh4 Rf6 28. Bb2 f4 29. Bxe5 dxe5 30. Qd3+ Kh8 31. Rg1
Qf5 32. Qxf5 Rxf5 33. Bg4 Rff8 34. Bxc8 Rxc8 35. c5 Rf8 36. Rhg4 Bf6 37. Kg2
h5 38. Rg6 e4 39. Rh6+ Kg7 40. Rxh5 Kg6 41. Rh3 Bd4 42. Rd1 f3+ 43. Kf1 Bc3
44. Kf2 Bxb4 45. Ke3 f2 46. Rg3+ Kh5 47. Ke2 Bxc5 48. Kf1 e3 49. d6 b6 50. d7
Bd4 51. Rf3 1-0

[Event "1. liga V 24/25, Grygov-Poruba"]
[Site ""]
[Date "2025.03.23"]
[Round "10.4"]
[White "Velicka, Petr"]
[Black "Zurek, Milan"]
[Result "1/2-1/2"]
[WhiteFideId "300659"]
[BlackFideId "300241"]
[WhiteElo "2342"]
[BlackElo "2317"]
[PlyCount "0"]
[WhiteTeam "SK Slavoj Poruba B"]
[BlackTeam "A64 PROCLIENT Grygov"]
[EventDate "2024.10.20"]

1. e4 d5 2. exd5 Nf6 3. Bb5+ Bd7 4. Be2 Nxd5 5. d4 e6 6. c4 Nf6 7. Nf3
c5 8. O-O cxd4 9. Nxd4 Qc7 10. Nc3 a6 11. Be3 Nc6 12. Nxc6 Bxc6 1/2-1/2

[Event "1. liga V 24/25, Grygov-Poruba"]
[Site ""]
[Date "2025.03.23"]
[Round "10.5"]
[White "Obsivac, Josef"]
[Black "Walter, Szymon"]
[Result "1/2-1/2"]
[WhiteFideId "303690"]
[BlackFideId "1172590"]
[WhiteElo "2248"]
[BlackElo "2326"]
[PlyCount "0"]
[WhiteTeam "A64 PROCLIENT Grygov"]
[BlackTeam "SK Slavoj Poruba B"]
[EventDate "2024.10.20"]

1. d4 Nf6 2. c4 e6 3. g3 d5
4. Bg2 Nc6 5. Nf3 Bd6 6. O-O O-O 7. Nbd2 Re8 8. a3 a5 9. Re1 Bd7 10. e4 dxe4
11. Nxe4 Nxe4 12. Rxe4 e5 13. c5 Bf5 14. Re1 Bf8 15. Bg5 f6 16. Be3 exd4 17.
Nxd4 Nxd4 18. Qxd4 Qxd4 19. Bxd4 c6 20. Rxe8 Rxe8 21. b4 1/2-1/2

[Event "1. liga V 24/25, Grygov-Poruba"]
[Site ""]
[Date "2025.03.23"]
[Round "10.6"]
[White "Malik, Jan"]
[Black "Bokhnak, Timofey"]
[Result "1-0"]
[WhiteFideId "317500"]
[BlackFideId "14172976"]
[WhiteElo "2243"]
[BlackElo "2300"]
[PlyCount "0"]
[WhiteTeam "SK Slavoj Poruba B"]
[BlackTeam "A64 PROCLIENT Grygov"]
[EventDate "2024.10.20"]

1. e4 c5 2. Nf3 e6
3. d4 cxd4 4. Nxd4 Nf6 5. Nc3 Nc6 6. Nxc6 bxc6 7. Bd3 d5 8. O-O Be7 9. b3 O-O
10. Bb2 Qc7 11. Qe2 a5 12. e5 Nd7 13. Na4 Nb6 14. Nxb6 Qxb6 15. Rad1 g6 16.
Qg4 a4 17. h4 h5 18. Qf4 Kg7 19. Bc1 Rh8 20. Qg3 axb3 21. axb3 Ba6 22. Bg5
Bxg5 23. Qxg5 Qd8 24. Qf4 Bxd3 25. Rxd3 Qe7 26. Rdd1 Ra2 27. Rc1 Rb8 28. Rfd1
c5 29. g3 Rb4 30. c4 d4 31. Ra1 Rxa1 32. Rxa1 Rxb3 33. Ra8 Rb4 34. Qf3 Rxc4
35. Qc6 Rc1+ 36. Kh2 g5 37. Re8 Qxe8 38. Qxe8 gxh4 39. gxh4 Rc2 40. Kg3 d3 41.
Qd8 c4 42. Qg5+ Kf8 43. Qd8+ Kg7 44. f4 d2 45. Qg5+ Kf8 46. Qd8+ Kg7 47. f5
exf5 48. Kf4 c3 49. e6 fxe6 50. Kg5 Kf7 51. Qd7+ 1-0

[Event "1. liga V 24/25, Grygov-Poruba"]
[Site ""]
[Date "2025.03.23"]
[Round "10.7"]
[White "Vanek, Ladislav"]
[Black "Neumann, Filip"]
[Result "1/2-1/2"]
[WhiteFideId "324647"]
[BlackFideId "375640"]
[WhiteElo "2219"]
[BlackElo "2147"]
[PlyCount "0"]
[WhiteTeam "A64 PROCLIENT Grygov"]
[BlackTeam "SK Slavoj Poruba B"]
[EventDate "2024.10.20"]

1. d4 e6 2. Bf4 d5 3. Nf3 Bd6 4. e3 Bxf4 5. exf4 c5 6. dxc5
Qa5+ 7. Nc3 Qxc5 8. Qd4 Qxd4 9. Nxd4 a6 10. Bd3 Ne7 11. O-O Nbc6 12. Nce2 Nxd4
13. Nxd4 Nc6 14. c3 Bd7 15. Rfe1 O-O 16. Rac1 g6 17. b4 Rfc8 18. Nb3 b6 19. a3
a5 20. b5 Ne7 21. a4 Nf5 22. c4 dxc4 23. Bxc4 Kf8 24. Bd3 Rxc1 25. Rxc1 Rc8
1/2-1/2

[Event "1. liga V 24/25, Grygov-Poruba"]
[Site ""]
[Date "2025.03.23"]
[Round "10.8"]
[White "Caletka, Radomir"]
[Black "Zvolanek, Libor"]
[Result "1/2-1/2"]
[WhiteFideId "321133"]
[BlackFideId "303496"]
[WhiteElo "2173"]
[BlackElo "2146"]
[PlyCount "0"]
[WhiteTeam "SK Slavoj Poruba B"]
[BlackTeam "A64 PROCLIENT Grygov"]
[EventDate "2024.10.20"]

1. Nf3 Nf6 2. c4 g6 3. Nc3 Bg7 4. g3 O-O 5. Bg2 d6 6. O-O e5 7. d3
Re8 8. Nd2 Nc6 9. Rb1 a5 10. a3 Be6 11. Nd5 Qd7 12. Re1 a4 1/2-1/2

[Event "1. liga V 24/25, Hostalkova-BSS"]
[Site ""]
[Date "2025.03.23"]
[Round "10.1"]
[White "Slovak, Kilian"]
[Black "Stalmach, Richard"]
[Result "1/2-1/2"]
[WhiteFideId "365440"]
[BlackFideId "372048"]
[WhiteElo "2328"]
[BlackElo "2435"]
[PlyCount "0"]
[WhiteTeam "Sachy Hostalkova"]
[BlackTeam "BSS Frydek-Mistek B"]
[EventDate "2024.10.20"]

1. e4 c5 2. c3 Nf6 3. e5 Nd5 4. d4 cxd4 5. cxd4 Nc6 6. Nf3 d6 7. Bc4 Be6 8.
Ng5 dxe5 9. Nxe6 fxe6 10. dxe5 g6 11. Nc3 Nxc3 12. Qxd8+ Rxd8 13. bxc3 Nxe5
14. Bxe6 Nd3+ 15. Ke2 Nc5 16. Bb3 Ne4 17. Be3 Nxc3+ 18. Kf3 Bg7 19. g3 a5 20.
a4 Rf8+ 21. Kg2 Bd4 22. Rae1 Ne4 23. Bc4 Rf6 24. Rhf1 Bxe3 25. Rxe3 Nd6 26.
Be6 Nf5 27. Re5 Rd2 28. Bxf5 Rxf5 29. Rxf5 gxf5 30. Rb1 Rd4 31. Rxb7 Rxa4 32.
Rb5 e6 33. Rb7 h5 34. h4 Kf8 35. Rh7 Rg4 36. f4 a4 37. Ra7 e5 38. fxe5 f4 39.
Kf3 fxg3 40. Kg2 Ke8 41. Rh7 Rxh4 42. Kxg3 Rh1 43. Kg2 Rh4 44. Kg3 Rg4+ 45.
Kf3 Rg1 46. Rxh5 a3 47. Rh8+ Kd7 48. Ra8 Ra1 49. Ra6 a2 50. Kg2 Re1 51. Rxa2
1/2-1/2

[Event "1. liga V 24/25, Hostalkova-BSS"]
[Site ""]
[Date "2025.03.23"]
[Round "10.2"]
[White "Piesik, Piotr"]
[Black "Gnida, Patrik"]
[Result "1-0"]
[WhiteFideId "1136194"]
[BlackFideId "351660"]
[WhiteElo "2434"]
[BlackElo "2181"]
[PlyCount "0"]
[WhiteTeam "BSS Frydek-Mistek B"]
[BlackTeam "Sachy Hostalkova"]
[EventDate "2024.10.20"]

1. d4 d5 2. c4 e6 3. Nc3 c5 4. cxd5 exd5 5. Nf3 Nc6 6. g3 Nf6 7. Bg2 h6 8. O-O
Be7 9. dxc5 O-O 10. Be3 Bg4 11. Nd4 Ne5 12. h3 Bd7 13. Nb3 Be6 14. Bd4 Qb8 15.
f4 Nc4 16. Qc2 Rd8 17. Rae1 b5 18. f5 Bc8 19. e4 dxe4 20. Nxe4 Bb7 21. Kh2 Nh5
22. Qe2 Bxe4 23. Qxh5 Bxg2 24. Rxe7 Bd5 25. Qg4 Kf8 26. Rfe1 Be6 27. Qxg7+
Kxe7 28. Rxe6+ Kd7 29. Qxf7+ Kc8 30. Rc6+ Qc7 31. Qxc7# 1-0

[Event "1. liga V 24/25, Hostalkova-BSS"]
[Site ""]
[Date "2025.03.23"]
[Round "10.3"]
[White "Warchol, Kamil"]
[Black "Mica, Marek"]
[Result "1/2-1/2"]
[WhiteFideId "21858241"]
[BlackFideId "382884"]
[WhiteElo "2126"]
[BlackElo "2382"]
[PlyCount "0"]
[WhiteTeam "Sachy Hostalkova"]
[BlackTeam "BSS Frydek-Mistek B"]
[EventDate "2024.10.20"]

1. e4 c5 2. c3 Nf6 3. e5 Nd5 4. Nf3 Nc6 5. d4 cxd4 6. cxd4 d6 7. Bc4 dxe5 8.
dxe5 Ndb4 9. Qxd8+ Nxd8 10. Na3 Be6 11. Bb5+ Nbc6 12. O-O a6 13. Be2 h6 14.
Bd2 g5 15. h3 Bg7 16. Bc3 Bf5 17. Nc4 Ne6 18. Ne3 Be4 19. Nd2 Bg6 20. Bf3 Rc8
21. Ndc4 O-O 22. Rad1 Rfd8 23. Nb6 Rxd1 24. Rxd1 Rd8 25. Rxd8+ Nexd8 26. Ned5
Bf5 27. Bg4 Bxg4 28. hxg4 Kf8 29. g3 Ne6 30. f4 Nc5 31. Kf2 e6 32. Nb4 Ne4+
33. Kf3 Nxc3 34. bxc3 Nxb4 35. cxb4 Ke8 36. Nc4 Bf8 37. a3 Kd7 38. Ke4 Kc6 39.
Na5+ Kc7 40. Kd4 b6 41. Nb3 Be7 42. Ke4 Kc6 43. Nd4+ Kd7 44. Nc2 b5 45. Nd4
Bd8 46. Nf3 Kc6 47. Nd4+ Kd7 1/2-1/2

[Event "1. liga V 24/25, Hostalkova-BSS"]
[Site ""]
[Date "2025.03.23"]
[Round "10.4"]
[White "Rabatin, Jakub"]
[Black "Bednarik, Josef"]
[Result "1-0"]
[WhiteFideId "329517"]
[BlackFideId "359017"]
[WhiteElo "2307"]
[BlackElo "2044"]
[PlyCount "0"]
[WhiteTeam "BSS Frydek-Mistek B"]
[BlackTeam "Sachy Hostalkova"]
[EventDate "2024.10.20"]

1. e4 c5 2. Nf3 Nc6 3. d4 cxd4 4. Nxd4 Nf6 5. Nc3 e5 6. Ndb5 d6 7. Bg5 a6 8.
Na3 b5 9. Nd5 Be7 10. Bxf6 Bxf6 11. c3 O-O 12. Nc2 g6 13. a4 bxa4 14. Rxa4 Bg7
15. Bc4 Kh8 16. h4 h5 17. Nce3 Bh6 18. b4 Bb7 19. g4 Bxe3 20. Nxe3 hxg4 21. h5
g5 22. Qxg4 f6 23. Ke2 Ne7 24. Ra5 Qc7 25. Rd1 Qc6 26. f3 Rad8 27. Qe6 Nc8 28.
Bd5 Qc7 29. Bxb7 Qxb7 30. Nf5 Qc6 31. Rd3 Qb6 32. Ne3 Na7 33. Qa2 Nb5 34. Rxa6
Qb7 35. Ra5 Rc8 36. Qd5 Nxc3+ 37. Rxc3 Qxb4 38. Rxc8 Rxc8 39. Ra8 1-0

[Event "1. liga V 24/25, Hostalkova-BSS"]
[Site ""]
[Date "2025.03.23"]
[Round "10.5"]
[White "Krejca, Jakub"]
[Black "Paseka, Matyas"]
[Result "1-0"]
[WhiteFideId "365777"]
[BlackFideId "23703296"]
[WhiteElo "2096"]
[BlackElo "2302"]
[PlyCount "0"]
[WhiteTeam "Sachy Hostalkova"]
[BlackTeam "BSS Frydek-Mistek B"]
[EventDate "2024.10.20"]

1. e4 c5 2. Nf3 d6 3. d4 cxd4 4. Nxd4 Nf6 5. Nc3 a6 6. Bg5 Nbd7 7. f4 Qc7 8.
Qf3 h6 9. Bxf6 Nxf6 10. f5 Qc5 11. O-O-O g5 12. fxg6 Bg4 13. gxf7+ Kxf7 14.
Qd3 Bxd1 15. Nxd1 Bg7 16. g3 Nxe4 17. Qxe4 Qxd4 18. Bc4+ Ke8 19. Qxb7 Qa7 20.
Qe4 Bf6 21. Rf1 Kd8 22. h4 Rc8 23. c3 Rc5 24. Qd3 Be5 25. Rf7 Rg8 26. Qh7 Rxg3
27. Rf8+ Kd7 28. Qf5+ Kc7 29. Rc8+ Kb6 30. Rxc5 dxc5 31. Qxe5 Qc7 32. Qe4 Rg1
33. Qe3 Rh1 34. Qxh6+ Qd6 35. Qxd6+ exd6 36. Kc2 Rxh4 37. Ne3 Rh3 38. Kd3 Kc6
39. Bd5+ Kb5 40. Bc4+ Kc6 41. Bxa6 d5 42. b3 Rh2 43. a4 Rb2 44. Nf5 Rf2 45.
Bb5+ Kc7 46. Ne3 Kd6 47. a5 Rb2 48. Ba4 c4+ 49. Nxc4+ dxc4+ 50. Kxc4 Kc7 51.
Kb5 Rh2 52. c4 Rh8 53. c5 Rh4 54. b4 Rg4 55. a6 Kb8 56. c6 Rg5+ 57. Kb6 Rg6
58. b5 Rg7 59. Bb3 Rb7+ 60. Kc5 1-0

[Event "1. liga V 24/25, Hostalkova-BSS"]
[Site ""]
[Date "2025.03.23"]
[Round "10.6"]
[White "Nytra, Ondrej"]
[Black "Vraj, Ondrej"]
[Result "1/2-1/2"]
[WhiteFideId "371955"]
[BlackFideId "374644"]
[WhiteElo "2229"]
[BlackElo "1939"]
[PlyCount "0"]
[WhiteTeam "BSS Frydek-Mistek B"]
[BlackTeam "Sachy Hostalkova"]
[EventDate "2024.10.20"]

1. e4 d5 2. exd5 Qxd5 3. Nc3 Qa5 4. Nf3 Nf6 5. Bc4 Bg4 6. h3 Bxf3 7. Qxf3 c6
8. O-O e5 9. d4 Bd6 10. Bg5 Nbd7 11. Ne4 Be7 12. Bxf6 gxf6 13. Qh5 Rf8 14. Ng3
Nb6 15. Bb3 O-O-O 16. Nf5 Bd6 17. Bxf7 Bc7 18. c4 Kb8 19. b4 Qa3 20. c5 Nd5
21. Bxd5 Rxd5 22. Ne3 Rdd8 23. dxe5 fxe5 24. Rab1 Qxa2 25. b5 Rxf2 26. bxc6
Rxf1+ 27. Rxf1 Qa3 28. Re1 Qxc5 29. cxb7 Qc3 30. Qh4 Bb6 31. Kh2 Rd4 32. Qg3
Rd3 33. Qg8+ Rd8 34. Qg3 Rd3 35. Qg8+ Rd8 36. Qg3 1/2-1/2

[Event "1. liga V 24/25, Hostalkova-BSS"]
[Site ""]
[Date "2025.03.23"]
[Round "10.7"]
[White "Vraj, Karel"]
[Black "Holeksa, Zdenek"]
[Result "0-1"]
[WhiteFideId "366056"]
[BlackFideId "316261"]
[WhiteElo "2001"]
[BlackElo "2263"]
[PlyCount "0"]
[WhiteTeam "Sachy Hostalkova"]
[BlackTeam "BSS Frydek-Mistek B"]
[EventDate "2024.10.20"]

1. e4 c5 2. Nc3 e6 3. g3 Nc6 4. Bg2 g6 5. d3 Bg7 6. Bd2 Nge7 7. Qc1 h6 8. Nge2
Rb8 9. O-O b5 10. f4 b4 11. Nd1 d5 12. Ne3 f5 13. e5 g5 14. a3 a5 15. axb4
axb4 16. Qd1 g4 17. h3 h5 18. h4 Kf7 19. Nc1 Qb6 20. Kh2 Ba6 21. c4 dxc4 22.
Nxc4 Bxc4 23. dxc4 Rhd8 24. Nb3 Rd3 25. Qc2 Rbd8 26. Rfd1 Ng6 27. Be1 Ncxe5
28. fxe5 Nxe5 29. Bf2 Nf3+ 30. Bxf3 Rxf3 31. Bxc5 Qb8 32. Bf2 Be5 33. Ra7+ Kg6
34. Rxd8 Qxd8 35. Kg2 Qd6 36. Qd2 Qxd2 37. Nxd2 Rxf2+ 38. Kxf2 Bd4+ 39. Ke2
Bxa7 40. Nb3 Bb6 41. c5 Bc7 42. Kf2 e5 43. c6 Kf6 44. Nc5 Bb6 45. Ke2 Ke7 46.
Nd3 Kd6 47. Nxb4 Bc7 48. Nc2 Bb6 49. Nb4 Bc5 50. Nd3 Bd4 51. Nb4 Bxb2 52. Nd5
Kxc6 53. Ne7+ Kd6 54. Nxf5+ Ke6 55. Ng7+ Kf6 56. Ne8+ Kf5 57. Nd6+ Ke6 58. Ne4
Ba3 59. Kd3 Bb4 60. Ke2 Be7 61. Kd3 Bd8 62. Ke2 Kd5 63. Nc3+ Kd4 64. Nb5+ Kc4
65. Nd6+ Kd5 66. Nf5 Bf6 67. Ne3+ Ke4 68. Ng2 Be7 69. Ne3 Bc5 70. Nc4 Kd4 71.
Ne3 Ke4 72. Nc4 Bb4 73. Nb6 Kd4 74. Nd7 Be7 75. Nb8 Bd6 76. Nd7 e4 77. Nf6
Bxg3 78. Nxh5 Bxh4 79. Nf4 Be7 80. Ng2 Bg5 81. Ne1 Ke5 82. Kf2 Bh4+ 0-1

[Event "1. liga V 24/25, Hostalkova-BSS"]
[Site ""]
[Date "2025.03.23"]
[Round "10.8"]
[White "Vanicek, Michal"]
[Black "Kafka, Ales"]
[Result "0-1"]
[WhiteFideId "338850"]
[BlackFideId "23750235"]
[WhiteElo "1875"]
[BlackElo "1720"]
[PlyCount "0"]
[WhiteTeam "BSS Frydek-Mistek B"]
[BlackTeam "Sachy Hostalkova"]
[EventDate "2024.10.20"]

1. e4 c6 2. d4 d5 3. Nd2 dxe4 4. Nxe4 Nf6 5. Ng3 c5 6. Be3 cxd4 7. Bxd4 Nc6 8.
Bb5 Qa5+ 9. Bc3 Qxb5 10. N1e2 Qd5 11. O-O Qxd1 12. Raxd1 g6 13. Nf4 Bg7 14.
Rfe1 O-O 15. h3 Bf5 16. Nxf5 gxf5 17. Re3 Ne4 18. Bxg7 Kxg7 19. Rd7 Rad8 20.
Rxb7 Rd1+ 21. Kh2 Nd2 22. Rd3 e5 23. Ne6+ Kg8 24. Nxf8 Kxf8 25. Rbd7 Nd4 26.
h4 f4 27. c3 Nf1+ 28. Kg1 Ne2+ 29. Kh1 Nfg3+ 0-1

[Event "1. liga V 24/25, SM-Dobra"]
[Site ""]
[Date "2025.03.23"]
[Round "10.1"]
[White "Svanda, Ondrej"]
[Black "Hrbek, Stepan"]
[Result "0-1"]
[WhiteFideId "359670"]
[BlackFideId "393479"]
[WhiteElo "2371"]
[BlackElo "2418"]
[PlyCount "0"]
[WhiteTeam "SK Stare Mesto"]
[BlackTeam "Sokol Dobra"]
[EventDate "2024.10.20"]

1. Nf3 c5 2. g3 Nc6 3. Bg2 g6 4. c4 Bg7 5. Nc3 e6 6. d4 Nxd4 7. Nxd4 cxd4 8.
Ne4 d5 9. Qa4+ Kf8 10. Qa3+ Qe7 11. Nd6 Be5 12. c5 h5 13. O-O Nh6 14. Bxh6+
Rxh6 15. e4 dxe4 16. Bxe4 Rh8 17. Rfe1 Bf6 18. Rac1 Kg7 19. c6 bxc6 20. Rxc6
a5 21. Rec1 Bd7 22. Rc7 Ra6 23. Bc6 Rxc6 24. R1xc6 Bxc6 25. Rxe7 Bxe7 26. Qc5
Rd8 27. Qxc6 Rxd6 28. Qc2 d3 29. Qd2 Rd5 30. a3 a4 31. Kf1 Bd8 32. f4 Ba5 33.
b4 axb3 34. Qb2+ Kg8 35. Qxb3 d2 36. Qd1 Rc5 0-1

[Event "1. liga V 24/25, SM-Dobra"]
[Site ""]
[Date "2025.03.23"]
[Round "10.2"]
[White "Bochnicka, Vladimir"]
[Black "Babula, Vlastimil"]
[Result "1/2-1/2"]
[WhiteFideId "14943450"]
[BlackFideId "391930"]
[WhiteElo "2351"]
[BlackElo "2359"]
[PlyCount "0"]
[WhiteTeam "Sokol Dobra"]
[BlackTeam "SK Stare Mesto"]
[EventDate "2024.10.20"]

1.e4 c5 2.Nf3 e6 3.g3 Nc6 4.Bg2 Nf6 5.d3 d6 6.O-O Be7 7.c3 O-O 8.Re1 b6 9.d4
cxd4 10.cxd4 d5 11.e5 Ne4 12.Nbd2 Nxd2 13.Bxd2 a5 14.Bf1 Ba6 15.Bxa6 Rxa6
16.Qe2 Ra8 17.Rac1 Qd7 18.a3 Rfc8 19.Kg2 Qb7 20.Qb5 Na7 21.Qd3 Rxc1 22.Rxc1
Rc8 23.Rc3 Rxc3 24.Bxc3 Qc8 25.Nd2 Bd8 26.b3 b5 27.Bb2 Qc6 28.Nb1 Be7 29.Nc3
b4 30.Nb1 a4 31.axb4 Bxb4 32.Ba3 Bxa3 33.Nxa3 h6 34.bxa4 Qxa4 35.Qc3 Nc6 36.Nc2 h5
1/2-1/2

[Event "1. liga V 24/25, SM-Dobra"]
[Site ""]
[Date "2025.03.23"]
[Round "10.3"]
[White "Delgerdalai, Bayarjavkhlan"]
[Black "Berezjuk, Sergej"]
[Result "1-0"]
[WhiteFideId "23727276"]
[BlackFideId "312614"]
[WhiteElo "2367"]
[BlackElo "2350"]
[PlyCount "0"]
[WhiteTeam "SK Stare Mesto"]
[BlackTeam "Sokol Dobra"]
[EventDate "2024.10.20"]

1. e4 c5 2. Nf3 e6 3. d4 cxd4 4. Nxd4 a6 5. c4 Nf6 6. Nc3 Bb4 7. Bd3 Nc6 8.
Nxc6 dxc6 9. O-O e5 10. h3 Be6 11. Be3 Nd7 12. Qe2 O-O 13. Rad1 f6 14. Qc2 Qe7
15. Be2 Rfd8 16. a3 Ba5 17. b4 Bb6 18. Rxd7 Qxd7 19. Bxb6 Qd2 20. Qb3 Rd7 21.
Be3 Qd6 22. Na4 Rdd8 23. Bb6 Re8 24. Rd1 Qe7 25. Nc5 f5 26. Nxe6 Qxe6 27. exf5
Qxf5 28. Bg4 Qg6 29. Qd3 e4 30. Qd6 Qg5 31. Qc7 h5 32. Be3 Qe5 33. Qxe5 Rxe5
34. Bf4 Re7 35. Bd6 Ree8 36. Bxh5 Re6 37. Bg4 Ree8 38. Bd7 Red8 39. Bc7 Rf8
40. Bb6 Kh7 41. Bg4 Rf7 42. Rd7 Raf8 43. Rxf7 Rxf7 44. Kf1 Kg6 45. Ke2 Rf6 46.
Ke3 Rd6 47. Kxe4 Rd2 48. Bc8 Rc2 49. c5 Rxf2 50.Bxb7 1-0

[Event "1. liga V 24/25, SM-Dobra"]
[Site ""]
[Date "2025.03.23"]
[Round "10.4"]
[White "Kula, Dominik"]
[Black "Hajek, Oskar"]
[Result "1/2-1/2"]
[WhiteFideId "344338"]
[BlackFideId "374512"]
[WhiteElo "2182"]
[BlackElo "2207"]
[PlyCount "0"]
[WhiteTeam "Sokol Dobra"]
[BlackTeam "SK Stare Mesto"]
[EventDate "2024.10.20"]

1. e4 e5 2. Nf3 Nc6 3. Bb5 a6 4. Ba4 Nge7 5. O-O Ng6 6. Nc3 Bc5 7. d3 O-O 8.
Nd5 Nce7 9. Nxe5 Nxd5 10. exd5 Nxe5 11. d4 Qh4 12. c3 Bd6 13. dxe5 Bxe5 14. f4
Bf6 15. d6 b5 16. Qf3 Rb8 17. dxc7 Rb7 18. Bb3 Rxc7 19. Be3 Bb7 20. Bd5 Bc6
21. Rad1 Rcc8 22. Bxc6 dxc6 23. Rd6 c5 24. Bf2 Qh6 25. Rd5 Be7 26. Re1 Rc7 27.
Ree5 Qc6 28. Qd1 c4 29. a3 Qb7 30. Rh5 Bf6 31. Bd4 Bxd4+ 32. Qxd4 Re7 33. Rd8
Qe4 34. Rxf8+ Kxf8 35. Qxe4 Rxe4 36. Rxh7 Re1+ 37. Kf2 Rb1 38. Rh8+ Ke7 39.
Ra8 Rxb2+ 40. Kf3 Rb3 41. Rxa6 Rxc3+ 42. Ke4 Rc2 43. Rb6 Rb2 44. Kd4 Rxg2 45.
Rxb5 Rxh2 46. Rc5 Ra2 47. Rxc4 Rxa3 48. Ke4 g6 49. Rc7+ Kf6 50. Rb7 Rh3 51.
Ra7 Kg7 52. Rb7 Rh5 53. Kf3 Rf5 54. Kg4 Kh6 55. Ra7 Kg7 56. Rb7 Ra5 57. Kf3
Ra1 58. Rc7 Kf6 59. Rc5 Ke7 60. Rc6 Rg1 61. Kf2 Rg4 62. Kf3 f5 63. Ra6 Kf7 64.
Rb6 Kg7 65. Ra6 Kh6 66. Ra1 Kh5 67. Ra8 Kh6 68. Ra1 Rh4 69. Kg3 Rg4+ 70. Kf3
Kg7 71. Ra7+ Kf6 72. Ra6+ Ke7 73. Rb6 Kf7 74. Ra6 Rg1 75. Rb6 Rc1 76. Rb7+ Kf6
77. Rb6+ Kg7 78. Rb8 Rc3+ 79. Kg2 Kf7 80. Rb6 Re3 81. Kf2 Re6 82. Rb7+ Re7 83.
Rb6 Kg7 84. Kf3 Ra7 85. Rb8 Kh6 86. Rh8+ Rh7 87. Ra8 g5 88. fxg5+ Kxg5 89.
Rg8+ Kf6 90. Rf8+ Ke6 91. Re8+ Kf7 92. Ra8 Rh4 1/2-1/2

[Event "1. liga V 24/25, SM-Dobra"]
[Site ""]
[Date "2025.03.23"]
[Round "10.5"]
[White "Babula, Matej"]
[Black "Kanakova, Natalie"]
[Result "1/2-1/2"]
[WhiteFideId "398322"]
[BlackFideId "350486"]
[WhiteElo "2116"]
[BlackElo "2159"]
[PlyCount "0"]
[WhiteTeam "SK Stare Mesto"]
[BlackTeam "Sokol Dobra"]
[EventDate "2024.10.20"]

1.e4 c5 2.Nf3 e6 3.d4 cxd4 4.Nxd4 Nf6 5.Nc3 Nc6 6.Ndb5 Bb4 7.a3 Bxc3+ 8. Nxc3
d5 9.exd5 exd5 10.Bd3 O-O 11.O-O d4 12.Ne4 Bf5 13.Bg5 Bxe4 14.Bxe4 h6 15.Bxf6
Qxf6 16.Qf3 Qd6 17.Rad1 Rfd8 18.c3 Ne5 19.Qf5 g6 20.Qh3 d3 21.f4 Nc4 22.Rxd3
Qb6+ 23.Kh1 Nd2 24.Re1 Nxe4 25.Rxe4 Qxb2 26.Re1 Qf2 27.Qg3 Qxe1+ 28.Qxe1 Rxd3
29.h3 Rad8 30.Qe5 a6 31.Kh2 R8d7 32.f5 R3d5 33.Qe8+ Kg7 34.fxg6 fxg6 35.Qe6
R5d6 36.Qe5+ Kh7 37.h4 h5 38.Qe8 Rc7 39.a4 Rdc6 40.a5 Rxc3 41.Qe5 R3c6 42.Qe2
b5 43.Qb2 Rc4 44.Qf6 Ra7 45.Qb6 Rcc7 46.Qd6 Rd7 47.Qc5 Rab7 48.g4 Rbc7 49.Qf2
Rf7 50.Qe2 Rf4 51.gxh5 Rxh4+ 52.Kg3 Rxh5 53. Qe6 Rg5+ 54.Kh4 Rgc5 55.Qxa6 Rc4+
56.Kg3 Ra4 57.Qf6 Ra3+ 58.Kf2 Ra2+ 59. Kg3 Rac2 60.Qh4+ Kg7 61.Qd4+ Kf7
62.Qd5+ Kf6 63.Qd6+ Kf7 64.Qd5+ Ke7 65.Qe5+ Kd8 66.Qd5+ Kc8 67.Qa8+ Kd7 68.Qd5+ Kc8 1/2-1/2

[Event "1. liga V 24/25, SM-Dobra"]
[Site ""]
[Date "2025.03.23"]
[Round "10.6"]
[White "Slanina, Miroslav"]
[Black "Cagasik, Tomas"]
[Result "0-1"]
[WhiteFideId "304867"]
[BlackFideId "316865"]
[WhiteElo "2142"]
[BlackElo "2196"]
[PlyCount "0"]
[WhiteTeam "Sokol Dobra"]
[BlackTeam "SK Stare Mesto"]
[EventDate "2024.10.20"]

1. d4 e6 2. Nf3 Nf6 3. Bf4 d5 4. e3 Bd6 5. Nbd2 Bxf4 6. exf4 Qd6 7. g3 Ne4 8.
c3 Nxd2 9. Qxd2 Nd7 10. Bd3 c5 11. O-O O-O 12. dxc5 Nxc5 13. Bc2 Qc7 14. Rfe1
b6 15. Nd4 Bb7 16. Qe2 Rfe8 17. Qh5 h6 18. Re3 Nd7 19. Rae1 a6 20. Qe2 Rac8
21. Qd3 Nf6 22. a3 Qd6 23. Qe2 Qd7 24. Bd3 Ra8 25. g4 g6 26. Rh3 h5 27. g5 e5
28. gxf6 exd4 29. Qe7 Rxe7 30. fxe7 Qxh3 31. e8=Q+ Rxe8 32. Rxe8+ Kg7 33. Be2
Qd7 34. Rb8 Qc7 35. Re8 Bc6 36. Re5 f6 37. Re6 Kf7 0-1

[Event "1. liga V 24/25, SM-Dobra"]
[Site ""]
[Date "2025.03.23"]
[Round "10.7"]
[White "Mrkus, Frantisek"]
[Black "Filip, Tomas"]
[Result "0-1"]
[WhiteFideId "345334"]
[BlackFideId "358037"]
[WhiteElo "2119"]
[BlackElo "1997"]
[PlyCount "0"]
[WhiteTeam "SK Stare Mesto"]
[BlackTeam "Sokol Dobra"]
[EventDate "2024.10.20"]

1. e4 c5 2. Nf3 d6 3. d4 cxd4 4. Nxd4 Nf6 5. Nc3 a6 6. Bg5 Nbd7 7. Bc4 Qa5 8.
Qd2 e6 9. O-O-O Nc5 10. f4 b5 11. Bb3 b4 12. Nd5 Nfxe4 13. Qe2 Bb7 14. Ne3
Nxb3+ 15. Nxb3 Qxa2 16. Qc4 Qa4 17. Rd4 Nxg5 18. Qxb4 Qxb4 19. Rxb4 Bxg2 20.
Nxg2 d5 21. Rd4 Ne4 22. f5 Bd6 23. fxe6 fxe6 24. Nd2 Nxd2 25. Kxd2 Rf8 26. Re1
Rf2+ 27. Re2 Rxe2+ 28. Kxe2 Bxh2 29. Rh4 Be5 30. Rxh7 Kf7 31. b3 Bf6 32. Ne3
a5 33. Rh3 a4 34. bxa4 Rxa4 35. Rf3 d4 36. Nf1 e5 37. Ng3 Ra1 38. Ne4 Ke6 39.
c3 dxc3 40. Nxc3 g5 41. Ne4 Be7 42. Rb3 Ra4 43. Nf2 Bc5 44. Nd3 Bd4 45. Rb8 g4
46. Re8+ Kf7 47. Rb8 Ra2+ 48. Ke1 g3 49. Rb7+ Kf6 0-1

[Event "1. liga V 24/25, SM-Dobra"]
[Site ""]
[Date "2025.03.23"]
[Round "10.8"]
[White "Tvrdy, Petr"]
[Black "Stuchly, Ondrej"]
[Result "1/2-1/2"]
[WhiteFideId "304590"]
[BlackFideId "350664"]
[WhiteElo "1919"]
[BlackElo "2071"]
[PlyCount "0"]
[WhiteTeam "Sokol Dobra"]
[BlackTeam "SK Stare Mesto"]
[EventDate "2024.10.20"]

1. d4 d5 2. Bf4 Nf6 3. e3 e6 4. Bd3 c5 5. c3 Qb6 6. Qc1 Bd7 7. Nf3 Bb5 8.
Bxb5+ Qxb5 9. a4 Qa6 10. dxc5 Bxc5 11. b4 Bd6 12. b5 Qb6 13. a5 Qc5 14. Bxd6
Qxd6 15. O-O Nbd7 16. Qb2 Rc8 17. Nbd2 O-O 18. Rfc1 Nc5 19. Qb1 Nfe4 20. c4
Nxd2 21. Nxd2 d4 22. exd4 Qxd4 23. Nb3 Qf4 24. Nxc5 Rxc5 25. Qd3 Rfc8 26. g3
Qc7 27. Kg2 g6 28. a6 b6 29. Qe4 Rxc4 30. Rxc4 Qxc4 31. Qxc4 Rxc4 32. Rd1 Rc5
33. Rd7 Rxb5 34. Rxa7 Ra5 35. Ra8+ Kg7 36. a7 Kf6 37. Rb8 Rxa7 38. Rxb6 Ra3
39. Rc6 h5 40. h4 g5 41. hxg5+ Kxg5 42. Rc5+ f5 43. Rc8 Ra4 44. Rg8+ Kf6 45.
Rh8 Kg6 46. Rg8+ Kh7 47. Re8 Re4 48. Re7+ Kg6 49. Re8 Kf6 50. Rh8 Kg6 51. Rg8+ Kh7 52. Re8 Kg7 1/2-1/2